Finančné vykazovanie v kontexte trvalo udržateľného rozvoja diplomová práca

Salvato in:
Dettagli Bibliografici
Autore principale: Gallo, Martin
Ente Autore: Fakulta hospodárskej informatiky EU. Katedra účtovníctva a audítorstva
Altri autori: Kubaščíková, Zuzana, 1982-
Natura: Libro
Lingua:slovacco
Pubblicazione: Bratislava 2012
Tags: Aggiungi Tag
Nessun Tag, puoi essere il primo ad aggiungerne!!

MARC

LEADER 00000nbm a2200000 4500
001 0154728
005 20161109102140.7
041 0 |a slo 
044 |a SK 
245 1 0 |a Finančné vykazovanie v kontexte trvalo udržateľného rozvoja  |b diplomová práca  |c Martin Gallo ; školiteľ: Zuzana Kubaščíková 
264 1 |a Bratislava  |c 2012 
300 |a 71 s. 
100 1 |a Gallo, Martin 
700 1 |a Kubaščíková, Zuzana, 1982- 
710 2 |a Fakulta hospodárskej informatiky EU. Katedra účtovníctva a audítorstva